| 000 | 01491cam a2200313 i 4500 | ||
|---|---|---|---|
| 001 | 19203332 | ||
| 003 | OSt | ||
| 005 | 20260219065705.0 | ||
| 008 | 160803s2017 enk b 001 0 eng | ||
| 010 | _a 2016035546 | ||
| 020 | _a9781107171213 | ||
| 020 | _a9781316622094 | ||
| 040 |
_aDLC _beng _cDLC _erda _dDLC |
||
| 042 | _apcc | ||
| 082 | 0 | 0 | _a341.6 CHI |
| 100 | _aChinkin, C. M. | ||
| 245 | 1 | 0 |
_aInternational law and new wars / _cChristine Chinkin and Mary Kaldor |
| 264 | 1 |
_aCambridge : _bCambridge University Press, _c2017. |
|
| 300 |
_axviii, 592 p. ; _c24 cm |
||
| 505 | 0 | _a• Introduction • Sovereignty and the authority to use force • The relevance of international law • Self-defence as a justification for war: the geo-political and war on terror models • The humanitarian model for recourse to force • How force is used – Weapons • 'Post-conflict' and governance • The liberal peace: peacemaking, peacekeeping, and peacebuilding • Justice and accountability • Second-generation human security • What does human security require of international law? | |
| 650 | 0 | _aWar (International law) | |
| 650 | 0 | _aJurisdiction (International law) | |
| 650 | 0 | _aSelf-defense (International law) | |
| 650 | 0 | _aHumanitarian law. | |
| 700 | 1 | _aKaldor, Mary | |
| 906 |
_a7 _bcbc _corignew _d1 _eecip _f20 _gy-gencatlg |
||
| 942 |
_2ddc _cBK |
||
| 999 |
_c115537 _d115537 |
||